000 00277nam a2200121 i 4500
001 bg
245 0 _aWybrane procesy z technologii wody i ścieków.
260 _aWarszawa,
_c1983.
040 _cBPK
041 _apol
942 _cKS
008 s pl f |000 0 pol
999 _c3065
_d3065
856 _uhttp://koha.tu.koszalin.pl/cgi-bin/koha/opac-detail.pl?biblionumber=3065
_yKatalog online BPK